Причини на руската революция (Запис номер 130014)
[ съкратено ]
| 000 -Лидер | |
|---|---|
| Контролно поле с фиксирана дължина | 01420nam a2200373 c 4500 |
| 003 - Код на организацията, давaща контролен номер | |
| Контролно поле | BLK |
| 005 - Дата и час на последна редакция | |
| Контролно поле | 20201001122946.0 |
| 008 - Елементи от данни с фиксирана дължина | |
| fixed length control field | 180409b bul|||||r ||||||| ||bul|| |
| 010 ## - Наследен системен номер | |
| LC control number | KNG00135763000 |
| 040 ## - Източник на каталожния запис | |
| Идентификатор на билиотеката - собственик на записа | BLK |
| 041 ## - Код за език | |
| Код за езика на текст/звукозапис или на отделно заглавие | Български |
| Код за езика КДБФ | Български |
| 080 ## - УДК | |
| Текстов определител УДК | История на Русия и СССР. Вж и 936 ; 957 |
| УДК код - определител по УДК | 94(470) |
| УДК - код + определител | 94(470) |
| 080 ## - УДК | |
| Текстов определител УДК | Революции. Преврати |
| УДК код - определител по УДК | 323.27 |
| УДК определител | (470)(091) |
| УДК - код + определител | 323.27(470)(091) |
| 100 1# - Редна дума - Автор | |
| Автор | Балкански, Борис Ненов |
| Авторска отговорност | първи автор |
| R(LIN) | 321941 |
| 139 ## - Редно поле | |
| Редна дума | Балкански, Борис Ненов |
| Авторски знак | Балк - Б 23 |
| 245 10 - Сведения за заглавието | |
| Заглавие | Причини на руската революция |
| Редно поле (дума) | Борис Ненов Балкански. |
| 257 ## - Страна на издаване | |
| Страна на създаване/издаване | България |
| 260 ## - Област на издателските данни | |
| Име на издателя, разпространителя и проч. | Свобода |
| Година на издаване | 1917 |
| Печатница | София : Воен. книгоизд. |
| 300 ## - Физическа характеристика | |
| Страници | 124 с. |
| Размери/Мащаб | 15 см |
| 380 ## - Жанр | |
| Жанр | История |
| 490 1# - СЕРИИ (Колекции) | |
| Име на серия | Културна библиотека |
| №: серия | 4 |
| 500 ## - Общи забележки | |
| Забележка | Библиогр. с. 123-124. |
| 650 #4 - Допълнително описание по предмет – тема | |
| Основно описание – тема или топоним | Русия - история и политика |
| 9 (RLIN) | 246681 |
| 650 #4 - Допълнително описание по предмет – тема | |
| Основно описание – тема или топоним | Революции |
| 9 (RLIN) | 169075 |
| 651 #4 - Допълнително описание по предмет - топоним | |
| Географско понятие | Русия |
| 9 (RLIN) | 179465 |
| 653 ## - Ключова дума – ненормативна | |
| Ключова дума | революции |
| 653 ## - Ключова дума – ненормативна | |
| Ключова дума | история |
| 653 ## - Ключова дума – ненормативна | |
| Ключова дума | Русия |
| 852 ## - Местоположение | |
| Форматна сигнатура | Цб І 2157 |
| Фондова буква | Хранилище |
| 856 4# - Електронен адрес и достъп | |
| Електронен формат | pdf - файл |
| 856 4# - Електронен адрес и достъп | |
| Електронен формат | pdf - файл |
| 999 ## - СИСТЕМНИ КОНТРОЛНИ НОМЕРА | |
| Koha biblionumber | 130014 |
| Koha biblioitemnumber | 130014 |
| 942 ## - АРТИКУЛИ | |
| Вид на библиотечния материал | Книги |
| Скрит в OPAC | Не |
| Периодичен библиозапис | Да |
| 944 ## - СЪЗДАВАНЕ И РЕДАКЦИЯ на ЗАПИСА | |
| Създаване/Редакция | Създаване |
| Дата на регистрацията/редакция | 01.11.2012 |
| Статус, дата на статуса | ф / 01.11.2012 |
| Служител, извършил регистрацията/редакцията | Виолета_Тройчева |
| 944 ## - СЪЗДАВАНЕ И РЕДАКЦИЯ на ЗАПИСА | |
| Създаване/Редакция | Редакция |
| Дата на регистрацията/редакция | 01.12.2017 |
| Статус, дата на статуса | ф / 01.11.2012 |
| Служител, извършил регистрацията/редакцията | Людмила_Стоянова |
| 999 ## - СИСТЕМНИ КОНТРОЛНИ НОМЕРА | |
| Koha biblioitemnumber | 130014 |
| Код за отписване | Код за изгубен артикул | Източник на класификационната схема | Код за повреда | Коз за рестрикции | Код за отдаване | Артикулен № | Име на библиотеката - собственик | Име на библиотеката, в която се намира в момента | Статус (Текущо местоположение) | Дата на вписване в системата | Местоположение - отдел | Цена в лева | Инвентарен номер | Систематично азбучна сигнатура | Баркод | Номер на екземпляра | Цена в евро | Служебна бележка | Служебен тип на артикула |
|---|---|---|---|---|---|---|---|---|---|---|---|---|---|---|---|---|---|---|---|
| Не е изгубен | Universal Decimal Classification | Не е повреден | само за читалня | ползва се в читалня | 211408 | Регионална библиотека "Любен Каравелов" Русе | Регионална библиотека "Любен Каравелов" Русе | Хранилище | 1917-01-01 | Основен фонд - ползва се само за читалня | 0.21 | 8237/58 | Цб І 2157 | 900000035755 | 1 | 0.11 | Дост: Dp Вид: Д N: стар фонд Дата: 01.01.1917 | Книги |